000 00721nam a2200205Ia 4500
001 11842
003 GE_BSU
008 181216s||||||||xx |||||||||||||| ||und||
040 _cGE_BSU
080 _a637.1+658(075.3)
100 _aМягченков.Ф.З
245 _aФинансирование и кредитование предприятии пищевой промышленности
245 _cРед М.В. Коломейцева
260 _aМосква
260 _bАгропромиздат
260 _c1988
300 _a294стр.22см.
653 _aФинансирование и кредитование предприятии пищевой промышленности
942 _cBK
999 _c45021
_d45021